| 000 | 00471 a2200169 4500 | ||
|---|---|---|---|
| 003 | OSt | ||
| 005 | 20231207141132.0 | ||
| 008 | 231207b |||||||| |||| 00| 0 eng d | ||
| 020 | _a8189645463 | ||
| 020 | _a9788189920166 | ||
| 040 | _coclc | ||
| 082 |
_a919.61204 _bSYE/W |
||
| 245 | _aWorld infopaedia : Tonga / | ||
| 260 |
_aNew Delhi: _bPragun publications, _c2007. |
||
| 300 | _a266p | ||
| 942 |
_2ddc _cBK _h919.61204 _iSYE/W _k919.61204 _mSYE/W |
||
| 999 |
_c43737 _d43737 |
||